|
|
|
|
| LEADER |
00945pam a22002778a 4500 |
| 001 |
00034934 |
| 005 |
20171026081025.0 |
| 008 |
161107s2006 ||||||Viesd |
| 020 |
# |
# |
|c 24000
|
| 041 |
0 |
# |
|a Vie
|
| 082 |
1 |
4 |
|a 542
|b K600TH
|
| 100 |
1 |
# |
|a Nguyễn, Minh Tuyển
|
| 245 |
0 |
0 |
|a Kỹ thuật tiến hành phản ứng hóa học
|c Nguyễn Minh Tuyển, Phạm Văn Thiêm, Đặng Đức Tạo
|
| 260 |
# |
# |
|a Hà Nội
|b Khoa học và Kỹ thuật
|c 2006
|
| 300 |
# |
# |
|a 218 tr.
|c 21 cm.
|
| 653 |
# |
# |
|a Kỹ thuật
|
| 653 |
# |
# |
|a Phương pháp
|
| 653 |
# |
# |
|a Phản ứng hóa học
|
| 700 |
1 |
# |
|a Phạm, Văn Thiêm
|
| 700 |
1 |
# |
|a Đặng, Đức Tạo
|
| 852 |
# |
# |
|b Kho mượn
|j KM.0019189
|
| 852 |
# |
# |
|b Kho đọc
|j KD.0017381
|
| 852 |
# |
# |
|j KD.0017381
|j KM.0019189
|
| 910 |
|
|
|d 07/11/2016
|
| 980 |
# |
# |
|a Trung tâm Học liệu Lê Vũ Hùng, Trường Đại học Đồng Tháp
|